[Event "ROU-chT 1st League 2019"]
[Site "Mamaia"]
[Date "2019.09.21"]
[Round "1.27"]
[White "Ionescu, Constantin"]
[Black "Grigore, George-Gabriel"]
[Result "1-0"]
[WhiteElo "2426"]
[BlackElo "2491"]
[Annotator "ChessBase"]
[PlyCount "111"]
[EventDate "2019.09.21"]
[EventType "team-tourn"]
[EventCountry "ROU"]
[SourceTitle "playchess.com"]
[Source "ChessBase"]
[SourceQuality "1"]
[TimeControl "40/5400+30:1800+30"]

1. Nf3 {[%emt 0:00:00]} Nf6 {[%emt 0:00:01]} 2. c4 {[%emt 0:00:00]} g6 {[%emt 0:00:17]} 3. b3 {[%emt 0:00:00]} Bg7 {[%emt 0:00:17]} 4. Bb2 {[%emt 0:00:03]} d6 {[%emt 0:00:48]} 5. e3 {[%emt 0:00:32]} O-O {[%emt 0:01:51]} 6. Be2 {[%emt 0:02:33]} e5 {[%emt 0:01:12]} 7. O-O {[%emt 0:00:48]} Re8 {[%emt 0:04:17]} 8. Nc3 {[%emt 0:00:37]} c6 {[%emt 0:02:33]} 9. Na4 {[%emt 0:05:35]} Nbd7 {[%emt 0:04:54]} 10. Rc1 {[%emt 0:03:49]} a6 {[%emt 0:05:10]} 11. c5 {[%emt 0:07:32]} e4 {[%emt 0:08:33]} 12. Ne1 {[%emt 0:00:23]} Nxc5 {[%emt 0:01:58]} 13. Nxc5 {[%emt 0:00:11]} dxc5 {[%emt 0:00:05]} 14. Rxc5 {[%emt 0:00:15]} Bf5 {[%emt 0:15:45]} 15. Rc2 {[%emt 0:01:08]} h5 {[%emt 0:05:29]} 16. d3 {[%emt 0:05:45]} Qd6 {[%emt 0:05:18]} 17. dxe4 {[%emt 0:02:04]} Qxd1 {[%emt 0:00:42]} 18. Bxd1 {[%emt 0:00:08]} Bxe4 {[%emt 0:00:14]} 19. Re2 {[%emt 0:00:17]} Nd5 {[%emt 0:10:19]} 20. Bxg7 {[%emt 0:08:50]} Kxg7 {[%emt 0:00:11]} 21. Rb2 {[%emt 0:00:05]} Rad8 {[%emt 0:03:30]} 22. Bc2 {[%emt 0:01:22]} f5 {[%emt 0:03:29]} 23. Bxe4 {[%emt 0:02:12]} fxe4 {[%emt 0:00:10]} 24. Nc2 {[%emt 0:00:15]} Nc3 {[%emt 0:04:33]} 25. Nd4 {[%emt 0:00:34]} Nb5 {[%emt 0:01:25]} 26. Ne2 {[%emt 0:00:40]} Rd3 {[%emt 0:01:06]} 27. h4 {[%emt 0:02:05]} Re7 {[%emt 0:04:11]} 28. Nf4 {[%emt 0:02:09]} Rd6 {[%emt 0:00:36]} 29. Rc1 {[%emt 0:00:36]} Re5 {[%emt 0:01:22]} 30. a4 {[%emt 0:02:51]} Nc7 {[%emt 0:00:08]} 31. b4 {[%emt 0:00:21]} Kf6 {[%emt 0:04:35]} 32. Kf1 {[%emt 0:01:51]} Ne6 {[%emt 0:00:42]} 33. g3 {[%emt 0:03:29]} Nc7 {[%emt 0:04:54]} 34. Ke1 {[%emt 0:00:57]} Re7 {[%emt 0:01:27]} 35. Rc4 {[%emt 0:03:11]} Re5 {[%emt 0:01:57]} 36. Ne2 {[%emt 0:06:16]} Kf5 {[%emt 0:01:42]} 37. Nd4+ {[%emt 0:00:41]} Kf6 {[%emt 0:00:06]} 38. Nb3 {[%emt 0:01:27]} Ne6 {[%emt 0:01:36]} 39. Nd2 {[%emt 0:03:45]} Kf5 {[%emt 0:00:08]} 40. Rc1 {[%emt 0:00:00]} Rd7 {[%emt 0:00:00]} 41. Nc4 {[%emt 0:00:35]} Rd3 {[%emt 0:03:29]} 42. Nxe5 {[%emt 0:00:16]} Kxe5 {[%emt 0:00:06]} 43. b5 {[%emt 0:00:22]} axb5 {[%emt 0:00:11]} 44. axb5 {[%emt 0:00:07]} c5 {[%emt 0:00:12]} 45. Ke2 {[%emt 0:01:51]} b6 {[%emt 0:01:05]} 46. f3 {[%emt 0:02:24]} Ra3 {[%emt 0:01:53]} 47. f4+ {[%emt 0:01:32]} Kf6 {[%emt 0:06:11]} 48. Rc4 {[%emt 0:01:36]} Ng7 {[%emt 0:02:20]} 49. Rxe4 {[%emt 0:03:14]} Nf5 {[%emt 0:00:14]} 50. Re8 {[%emt 0:02:12]} Kf7 {[%emt 0:06:52]} 51. Rb8 {[%emt 0:00:30]} Rxe3+ {[%emt 0:00:17]} 52. Kf2 {[%emt 0:00:12]} Re6 {[%emt 0:00:13]} 53. Ra2 {[%emt 0:00:36]} Rd6 {[%emt 0:01:38]} 54. Ra6 {[%emt 0:01:30]} Rd2+ {[%emt 0:01:12]} 55. Ke1 {[%emt 0:00:09]} Rb2 {[%emt 0:00:22]} 56. Raxb6 {[%emt 0:00:12]} 1-0

[Event "ROU-chT 1st League 2019"]
[Site "Mamaia"]
[Date "2019.09.21"]
[Round "1.28"]
[White "Manea, Alexandru"]
[Black "Cosma, Ioan"]
[Result "1/2-1/2"]
[WhiteElo "2305"]
[BlackElo "2394"]
[Annotator "NA"]
[PlyCount "158"]
[EventDate "2019.09.21"]
[EventType "team-tourn"]
[EventCountry "ROU"]
[SourceTitle "playchess.com"]
[Source "ChessBase"]
[SourceQuality "1"]
[TimeControl "40/5400+30:1800+30"]

1. e4 c5 2. Nf3 Nc6 3. d4 cxd4 4. Nxd4 g6 5. Nc3 Bg7 6. Be3 Nf6 7. Bc4 {[%emt 0:08:25]} Qa5 {[%emt 0:07:55]} 8. O-O {[%emt 0:02:36]} O-O {[%emt 0:00:20]} 9. Nb3 {[%emt 0:00:08]} Qc7 {[%emt 0:00:40]} 10. Be2 {[%emt 0:00:11]} a6 {[%emt 0:01:46]} 11. Re1 {[%emt 0:11:04]} d6 {[%emt 0:07:12]} 12. Nd5 {[%emt 0:02:50]} Nxd5 {[%emt 0:01:29]} 13. exd5 {[%emt 0:00:08]} Na5 {[%emt 0:03:15]} 14. Nxa5 {[%emt 0:13:29]} Qxa5 {[%emt 0:00:07]} 15. c3 {[%emt 0:00:02]} Bd7 {[%emt 0:10:33]} 16. Bf3 {[%emt 0:01:47]} Rfe8 {[%emt 0:07:42]} 17. Qd2 {[%emt 0:00:37]} Qc7 {[%emt 0:04:22]} 18. Bd4 {[%emt 0:02:37]} Bxd4 {[%emt 0:04:28]} 19. Qxd4 {[%emt 0:00:15]} Rac8 {[%emt 0:00:30]} 20. Qh4 {[%emt 0:09:41]} e5 {[%emt 0:06:05]} 21. dxe6 {[%emt 0:02:45]} Bxe6 {[%emt 0:00:45]} 22. a3 {[%emt 0:01:27]} a5 {[%emt 0:03:55]} 23. Qd4 {[%emt 0:01:20]} Qc5 {[%emt 0:02:45]} 24. Red1 {[%emt 0:04:13]} Red8 {[%emt 0:09:13]} 25. Rd2 {[%emt 0:00:43]} b6 {[%emt 0:00:15]} 26. h4 {[%emt 0:00:31]} Qxd4 {[%emt 0:01:13]} 27. Rxd4 {[%emt 0:00:07]} Rc4 {[%emt 0:00:48]} 28. Rad1 {[%emt 0:01:12]} Rxd4 {[%emt 0:00:23]} 29. Rxd4 {[%emt 0:00:00]} Kf8 {[%emt 0:00:30]} 30. Kf1 {[%emt 0:00:15]} Ke7 {[%emt 0:00:19]} 31. Ke2 {[%emt 0:00:05]} Rc8 {[%emt 0:01:23]} 32. Ke3 {[%emt 0:02:02]} h5 {[%emt 0:00:23]} 33. Kd2 {[%emt 0:00:46]} Rc7 {[%emt 0:02:54]} 34. Be4 {[%emt 0:01:37]} Rc5 {[%emt 0:02:46]} 35. Ke3 {[%emt 0:02:39]} Rc7 {[%emt 0:00:12]} 36. Kf4 {[%emt 0:00:10]} Rc5 {[%emt 0:06:09]} 37. Ke3 {[%emt 0:02:47]} Re5 {[%emt 0:01:00]} 38. Kd2 {[%emt 0:00:40]} Rc5 {[%emt 0:00:21]} 39. Kd3 {[%emt 0:00:00]} Re5 {[%emt 0:00:00]} 40. Kd2 {[%emt 0:00:00]} Rc5 {[%emt 0:00:00]} 41. Bf3 {[%emt 0:05:00]} Rc7 {[%emt 0:07:33]} 42. Bd5 {[%emt 0:00:13]} Rc5 {[%emt 0:02:43]} 43. Be4 {[%emt 0:02:32]} Rc7 {[%emt 0:00:18]} 44. Kc2 {[%emt 0:00:26]} Ra7 {[%emt 0:04:23]} 45. Bd5 {[%emt 0:04:47]} Rc7 {[%emt 0:00:49]} 46. Be4 {[%emt 0:02:02]} Ra7 {[%emt 0:00:34]} 47. Bf3 {[%emt 0:00:21]} Rc7 {[%emt 0:00:21]} 48. Be2 {[%emt 0:00:41]} Rc5 {[%emt 0:03:51]} 49. Bf3 {[%emt 0:03:48]} Bf5+ {[%emt 0:01:05]} 50. Be4 {[%emt 0:00:32]} Re5 {[%emt 0:00:36]} 51. Bxf5 {[%emt 0:00:12]} Rxf5 {[%emt 0:00:07]} 52. f3 {[%emt 0:00:12]} Kd7 {[%emt 0:00:16]} 53. Kd3 {[%emt 0:02:35]} g5 {[%emt 0:01:09]} 54. Ke3 {[%emt 0:07:15]} Re5+ {[%emt 0:03:36]} 55. Kf2 {[%emt 0:12:28]} f6 {[%emt 0:00:38]} 56. f4 {[%emt 0:04:13]} gxf4 {[%emt 0:02:17]} 57. Rxf4 {[%emt 0:01:29]} f5 {[%emt 0:00:39]} 58. Kf3 {[%emt 0:04:15]} Ke6 {[%emt 0:00:41]} 59. Rc4 {[%emt 0:00:12]} Rb5 {[%emt 0:06:01]} 60. b4 {[%emt 0:00:23]} axb4 {[%emt 0:00:03]} 61. axb4 {[%emt 0:01:32]} Rd5 {[%emt 0:00:41]} 62. Rc8 {[%emt 0:03:23]} Rd3+ {[%emt 0:02:18]} 63. Kf4 {[%emt 0:00:11]} b5 {[%emt 0:00:49]} 64. Re8+ {[%emt 0:03:16]} Kd5 {[%emt 0:00:25]} 65. Rf8 {[%emt 0:00:04]} Rxc3 {[%emt 0:01:48]} 66. Rxf5+ {[%emt 0:00:01]} Ke6 {[%emt 0:00:31]} 67. Rxb5 {[%emt 0:01:34]} Rc4+ {[%emt 0:00:04]} 68. Kg5 {[%emt 0:00:07]} Rg4+ {[%emt 0:00:37]} 69. Kxh5 {[%emt 0:00:02]} Rxg2 {[%emt 0:00:06]} 70. Rg5 {[%emt 0:06:09]} Rb2 {[%emt 0:00:24]} 71. b5 {[%emt 0:00:52]} Rb4 {[%emt 0:01:38]} 72. Rg6+ {[%emt 0:00:12]} Kf7 {[%emt 0:00:36]} 73. Rxd6 {[%emt 0:00:24]} Rxb5+ {[%emt 0:00:08]} 74. Kh6 {[%emt 0:00:01]} Rb8 {[%emt 0:02:40]} 75. Kh7 {[%emt 0:00:43]} Rb5 {[%emt 0:02:49]} 76. Rd7+ {[%emt 0:00:12]} Kf8 {[%emt 0:01:48]} 77. Rd4 {[%emt 0:00:10]} Rf5 {[%emt 0:01:32]} 78. Kg6 {[%emt 0:00:16]} Rf1 {[%emt 0:00:27]} 79. h5 {[%emt 0:00:05]} Kg8 {[%emt 0:00:11]} 1/2-1/2

[Event "ROU-chT 1st League 2019"]
[Site "Mamaia"]
[Date "2019.09.21"]
[Round "1.29"]
[White "Itkis, Boris"]
[Black "Szabo, Attila"]
[Result "1-0"]
[WhiteElo "2323"]
[BlackElo "2239"]
[Annotator "NA"]
[PlyCount "61"]
[EventDate "2019.09.21"]
[EventType "team-tourn"]
[EventCountry "ROU"]
[SourceTitle "playchess.com"]
[Source "ChessBase"]
[SourceQuality "1"]
[TimeControl "40/5400+30:1800+30"]

1. d4 {[%emt 0:00:00]} Nf6 {[%emt 0:00:11]} 2. c4 {[%emt 0:00:00]} e6 {[%emt 0:00:56]} 3. g3 {[%emt 0:00:00]} c5 {[%emt 0:01:08]} 4. Nf3 {[%emt 0:00:18]} b6 {[%emt 0:07:16]} 5. d5 {[%emt 0:02:49]} exd5 {[%emt 0:03:33]} 6. cxd5 {[%emt 0:00:05]} d6 {[%emt 0:00:08]} 7. Nc3 {[%emt 0:00:05]} g6 {[%emt 0:00:35]} 8. Bg2 {[%emt 0:00:04]} Bg7 {[%emt 0:00:05]} 9. O-O {[%emt 0:00:05]} O-O {[%emt 0:00:05]} 10. Bf4 {[%emt 0:03:27]} a6 {[%emt 0:01:17]} 11. a4 {[%emt 0:00:12]} Re8 {[%emt 0:07:35]} 12. h3 {[%emt 0:14:53]} Nh5 {[%emt 0:10:04]} 13. Bg5 {[%emt 0:02:03]} Qc7 {[%emt 0:04:48]} 14. Rc1 {[%emt 0:00:41]} Nd7 {[%emt 0:01:04]} 15. Re1 {[%emt 0:04:43]} Ne5 {[%emt 0:08:44]} 16. Nxe5 {[%emt 0:01:08]} Rxe5 {[%emt 0:07:40]} 17. Qd2 {[%emt 0:02:55]} Re8 {[%emt 0:07:19]} 18. e4 {[%emt 0:02:16]} Bb7 {[%emt 0:12:34]} 19. b4 {[%emt 0:14:35]} Rac8 {[%emt 0:13:48]} 20. g4 {[%emt 0:03:40]} Nf6 {[%emt 0:00:09]} 21. bxc5 {[%emt 0:04:49]} bxc5 {[%emt 0:00:16]} 22. e5 {[%emt 0:13:59]} Rxe5 {[%emt 0:00:32]} 23. Rxe5 {[%emt 0:00:11]} dxe5 {[%emt 0:00:02]} 24. Bxf6 {[%emt 0:00:39]} Bxf6 {[%emt 0:00:13]} 25. Ne4 {[%emt 0:00:50]} Bd8 {[%emt 0:04:32]} 26. Rxc5 {[%emt 0:02:40]} Qb6 {[%emt 0:02:46]} 27. Rxc8 {[%emt 0:05:28]} Bxc8 {[%emt 0:00:02]} 28. Qc3 {[%emt 0:00:34]} Qb8 {[%emt 0:04:14]} 29. d6 {[%emt 0:00:43]} f6 {[%emt 0:02:07]} 30. Qc6 {[%emt 0:02:08]} Be6 {[%emt 0:00:44]} 31. Qe8+ {[%emt 0:00:07]} 1-0

[Event "ROU-chT 1st League 2019"]
[Site "Mamaia"]
[Date "2019.09.21"]
[Round "1.30"]
[White "Vasiesiu, Victor"]
[Black "Ileana, George"]
[Result "0-1"]
[WhiteElo "2251"]
[BlackElo "2349"]
[Annotator "NA"]
[PlyCount "131"]
[EventDate "2019.09.21"]
[EventType "team-tourn"]
[EventCountry "ROU"]
[SourceTitle "playchess.com"]
[Source "ChessBase"]
[SourceQuality "1"]
[TimeControl "40/5400+30:1800+30"]

1. e4 c5 2. Nc3 d6 3. f4 g6 4. Nf3 Bg7 5. Bb5+ Bd7 6. Bc4 Nc6 7. O-O e6 {[%emt 0:02:04]} 8. d3 {[%emt 0:00:43]} Nge7 {[%emt 0:00:29]} 9. f5 {[%emt 0:00:03]} gxf5 {[%emt 0:09:53]} 10. Ng5 {[%emt 0:00:41]} Ne5 {[%emt 0:06:09]} 11. Qh5 {[%emt 0:03:58]} N7g6 {[%emt 0:03:44]} 12. exf5 {[%emt 0:06:35]} exf5 {[%emt 0:01:58]} 13. Bd5 {[%emt 0:13:09]} Qc7 {[%emt 0:04:05]} 14. Bd2 {[%emt 0:05:51]} O-O-O {[%emt 0:11:28]} 15. Nxf7 {[%emt 0:01:36]} Nxf7 {[%emt 0:00:22]} 16. Bxf7 {[%emt 0:00:09]} Rdf8 {[%emt 0:00:35]} 17. Bb3 {[%emt 0:09:53]} Kb8 {[%emt 0:02:54]} 18. a4 {[%emt 0:02:58]} Bc6 {[%emt 0:01:22]} 19. Nd5 {[%emt 0:03:23]} Bd4+ {[%emt 0:02:55]} 20. Be3 {[%emt 0:09:33]} Qg7 {[%emt 0:04:33]} 21. c3 {[%emt 0:00:26]} Nf4 {[%emt 0:02:24]} 22. Rxf4 {[%emt 0:03:40]} Bxd5 {[%emt 0:00:13]} 23. Bxd5 {[%emt 0:00:05]} Bxe3+ {[%emt 0:00:08]} 24. Rf2 {[%emt 0:00:04]} Qg4 {[%emt 0:04:49]} 25. Bf3 {[%emt 0:00:03]} Qxh5 {[%emt 0:01:41]} 26. Bxh5 {[%emt 0:00:05]} f4 {[%emt 0:01:19]} 27. Kf1 {[%emt 0:00:21]} Bxf2 {[%emt 0:00:07]} 28. Kxf2 {[%emt 0:00:02]} Rf5 {[%emt 0:00:09]} 29. Bf3 {[%emt 0:02:30]} Re5 {[%emt 0:01:18]} 30. Rd1 {[%emt 0:01:22]} Kc7 {[%emt 0:01:56]} 31. d4 {[%emt 0:01:30]} Re7 {[%emt 0:00:09]} 32. dxc5 {[%emt 0:01:27]} dxc5 {[%emt 0:00:07]} 33. Rd5 {[%emt 0:00:10]} b6 {[%emt 0:00:07]} 34. Rf5 {[%emt 0:00:59]} Rd8 {[%emt 0:01:24]} 35. Bd5 {[%emt 0:00:05]} c4 {[%emt 0:02:08]} 36. Kf3 {[%emt 0:01:39]} Re3+ {[%emt 0:00:44]} 37. Kxf4 {[%emt 0:00:15]} Re2 {[%emt 0:01:30]} 38. Rh5 {[%emt 0:12:49]} Rd7 {[%emt 0:02:05]} 39. Bxc4 {[%emt 0:01:25]} Rxg2 {[%emt 0:01:53]} 40. b4 {[%emt 0:00:00]} Rc2 {[%emt 0:00:00]} 41. Rh3 {[%emt 0:03:06]} Kd8 {[%emt 0:10:54]} 42. Bg8 {[%emt 0:04:14]} Rc7 {[%emt 0:02:44]} 43. Bxh7 {[%emt 0:10:58]} R2xc3 {[%emt 0:00:34]} 44. Bd3 {[%emt 0:00:40]} Rf7+ {[%emt 0:05:03]} 45. Ke5 {[%emt 0:02:28]} Kc7 {[%emt 0:00:30]} 46. a5 {[%emt 0:07:41]} b5 {[%emt 0:00:41]} 47. Rg3 {[%emt 0:06:37]} a6 {[%emt 0:03:54]} 48. Bf5 {[%emt 0:03:25]} Rc6 {[%emt 0:01:34]} 49. Be6 {[%emt 0:05:43]} Rh7 {[%emt 0:01:49]} 50. h3 {[%emt 0:00:59]} Rc1 {[%emt 0:02:44]} 51. Re3 {[%emt 0:03:34]} Rh4 {[%emt 0:01:20]} 52. Bg4 {[%emt 0:00:40]} Rc4 {[%emt 0:00:51]} 53. Kd5 {[%emt 0:02:12]} Rh6 {[%emt 0:01:55]} 54. Re7+ {[%emt 0:01:41]} Kd8 {[%emt 0:00:16]} 55. Rd7+ {[%emt 0:01:46]} Ke8 {[%emt 0:00:17]} 56. Ra7 {[%emt 0:00:04]} Rxb4 {[%emt 0:00:45]} 57. Be6 {[%emt 0:00:13]} Rb2 {[%emt 0:03:52]} 58. Rxa6 {[%emt 0:00:32]} Rh5+ {[%emt 0:01:42]} 59. Kd4 {[%emt 0:01:36]} Rb4+ {[%emt 0:05:37]} 60. Kc3 {[%emt 0:00:14]} Ra4 {[%emt 0:00:21]} 61. Ra7 {[%emt 0:01:37]} Re5 {[%emt 0:00:09]} 62. Bd7+ {[%emt 0:00:53]} Kd8 {[%emt 0:01:19]} 63. Rb7 {[%emt 0:01:41]} Re3+ {[%emt 0:01:54]} 64. Kd2 {[%emt 0:00:19]} Re7 {[%emt 0:00:23]} 65. Rxb5 {[%emt 0:01:33]} Rxd7+ {[%emt 0:00:06]} 66. Kc2 {[%emt 0:00:23]} 0-1

[Event "ROU-chT 1st League 2019"]
[Site "Mamaia"]
[Date "2019.09.22"]
[Round "2.1"]
[White "Kuzubov, Yuriy"]
[Black "Erdos, Viktor"]
[Result "1/2-1/2"]
[WhiteElo "2636"]
[BlackElo "2604"]
[Annotator "TA"]
[PlyCount "45"]
[EventDate "2019.09.21"]
[EventType "team-tourn"]
[EventCountry "ROU"]
[SourceTitle "playchess.com"]
[Source "ChessBase"]
[SourceQuality "1"]

{[%evp 9,45,29,41,17,20,30,19,19,30,25,28,21,33,0,43,0,1,0,0,1,15,-9,-7,-19,-20,-34,0,-8,0,-38,-49,-29,-28,-60,-60,-68,-55,-67]} 1. d4 d5 2. c4 c6 3. e3 Nf6 4. Nc3 Bf5 5. Nf3 a6 6. Bd3 {D15: Slav Defence: 4 Nc3 a6 and gambit lines after 4 Nc3 dxc4} (6. Qb3 Ra7 7. Nh4 Bc8 8. Bd2 e6 9. c5 Nbd7 10. Nf3 e5 11. Nxe5 Nxe5 12. dxe5 Nd7 13. Na4 Bxc5 14. Nxc5 Nxc5 {0-1 (84) Radjabov,T (2757)-Fedoseev,V (2724) Wijk aan Zee 2019}) 6... Bg6 7. O-O e6 8. Qe2 {The position is equal.} Bb4 9. Ne5 Bxd3 10. Nxd3 $146 ({Predecessor:} 10. Qxd3 Nbd7 {½-½ (10) Ristic,N (2416)-Pikula,D (2433) Kragujevac 2016}) 10... Bxc3 11. bxc3 O-O 12. cxd5 cxd5 13. f3 Qc7 14. Bd2 Nbd7 15. e4 e5 16. Rae1 dxe4 17. fxe4 Rfe8 {next ...exd4 is good for Black.} (17... Rae8 $5 {[%cal Re5d4]}) 18. Qf3 Rac8 19. Kh1 Qc4 20. Bg5 {[%cal Rg5f6]} h6 21. dxe5 Nh7 22. Bf4 Nhf8 {[%mdl 1024] Black has compensation.} 23. Rb1 {Accuracy: White = 55%, Black = 73%.} 1/2-1/2

[Event "ROU-chT 1st League 2019"]
[Site "Mamaia"]
[Date "2019.09.22"]
[Round "2.2"]
[White "Gonda, Laszlo"]
[Black "Baklan, Vladimir"]
[Result "1/2-1/2"]
[WhiteElo "2541"]
[BlackElo "2604"]
[Annotator "TA"]
[PlyCount "92"]
[EventDate "2019.09.21"]
[EventType "team-tourn"]
[EventCountry "ROU"]
[SourceTitle "playchess.com"]
[Source "ChessBase"]
[SourceQuality "1"]

{[%evp 15,92,6,25,19,25,13,14,22,15,0,0,2,13,9,18,13,12,12,10,14,18,18,13,8,8,0,0,0,0,0,4,0,48,27,24,25,34,0,0,0,0,0,0,9,63,0,0,0,0,0,0,0,0,0,0,0,0,0,8,8,8,8,8,0,0,0,0,0,0,0,8,8,8,0,0,0,0,0,0]} 1. Nf3 $146 ({Predecessor:} 1. d4 Nf6 2. Nf3 e6 3. c4 b6 4. g3 Bb7 5. Bg2 Be7 {0-1 (67) Kovalenko,I (2644)-Inarkiev,E (2686) Gjakova 2016}) 1... Nf6 2. g3 b6 3. Bg2 Bb7 4. O-O e6 5. c4 Be7 6. d4 O-O 7. Nc3 Ne4 8. Bd2 Bf6 9. Ne5 {E18: Queen's Indian: Old Main Line (4 g3 Bb7 5 Bg2 Be7 6 0-0 0-0 7 Nc3)} Nxc3 10. Bxc3 ({Much worse is} 10. bxc3 Bxg2 11. Kxg2 Bxe5 $17) 10... Bxg2 11. Kxg2 c5 12. dxc5 bxc5 13. Qd6 Qb6 14. Rad1 Qxd6 15. Rxd6 Be7 16. Rd2 d6 17. Nd3 a5 18. f4 Nd7 19. Ne5 Nb8 20. Ng4 f5 21. Nf2 Nd7 22. e4 {Black should prevent e5.} Nb6 23. exf5 Nxc4 24. Re2 $36 {[%mdl 2048] White has some pressure.} Rxf5 25. Rxe6 Bf8 $1 26. b3 Na3 27. Re4 a4 28. Rxa4 Rxa4 29. bxa4 d5 ({Black should try} 29... Rf7 $11) 30. Rc1 (30. Re1 $1 $14) 30... Rf7 $11 {The position is equal.} 31. Nd3 Ra7 32. a5 Nc4 33. Be1 Nxa5 34. Nxc5 Nc4 35. Ne6 Rxa2+ 36. Kh3 Ba3 37. Rd1 Re2 38. Nd4 Re4 39. Nb5 Ne3 40. Rd3 Bc5 (40... Re6 $5 41. g4 $8 Bc5 $11) 41. Bc3 Re6 {[%cal Re6h6] [#]} 42. g4 h5 43. gxh5 Rh6 44. Kg3 Rxh5 45. h3 Rh6 46. Bd4 Nf5+ {Accuracy: White = 68%, Black = 78%.} 1/2-1/2

[Event "ROU-chT 1st League 2019"]
[Site "Mamaia"]
[Date "2019.09.22"]
[Round "2.3"]
[White "Rogozenco, Dorian"]
[Black "Grigore, George-Gabriel"]
[Result "1/2-1/2"]
[WhiteElo "2491"]
[BlackElo "2491"]
[Annotator "TA"]
[PlyCount "39"]
[EventDate "2019.09.21"]
[EventType "team-tourn"]
[EventCountry "ROU"]
[SourceTitle "playchess.com"]
[Source "ChessBase"]
[SourceQuality "1"]

{[%evp 12,39,22,17,14,18,12,20,21,12,12,12,12,12,12,12,12,12,6,7,19,18,16,10,33,33,25,16,24,10]} 1. d4 d5 2. c4 e6 3. Nc3 Nf6 4. Bg5 Be7 5. e3 O-O 6. Rc1 h6 7. Bh4 c6 {D54: Queen's Gambit Declined: 4 Bg5 Be7: Lines without Nf3} (7... Nbd7 8. cxd5 Nxd5 9. Bxe7 Qxe7 10. Nxd5 exd5 11. Rxc7 Qb4+ 12. Qd2 Qb6 13. Rc2 Nf6 14. Bd3 Bg4 15. h3 {1-0 (55) Rapport,R (2747)-Dominguez Perez,L (2763) Saint Louis 2019}) 8. Qc2 Ne4 9. Bxe7 Qxe7 {The position is equal.} 10. Bd3 Nxc3 11. Qxc3 Nd7 $146 ({Predecessor:} 11... dxc4 12. Bxc4 b6 13. Nf3 Bb7 14. O-O c5 15. dxc5 Rc8 16. cxb6 Bxf3 17. gxf3 {1-0 (47) Taimanov,M-Donner,J Havana 1964}) 12. cxd5 exd5 13. Ne2 Nf6 14. Qc5 Qxc5 15. Rxc5 a5 16. f3 Re8 17. Kd2 Bd7 18. g4 Re7 19. Ng3 g6 20. Rc3 {Accuracy: White = 57%, Black = 79%.} 1/2-1/2

[Event "ROU-chT 1st League 2019"]
[Site "Mamaia"]
[Date "2019.09.22"]
[Round "2.4"]
[White "Manea, Alexandru"]
[Black "Marin, Mihail"]
[Result "1-0"]
[WhiteElo "2305"]
[BlackElo "2524"]
[Annotator "TA"]
[PlyCount "91"]
[EventDate "2019.09.21"]
[EventType "team-tourn"]
[EventCountry "ROU"]
[SourceTitle "playchess.com"]
[Source "ChessBase"]
[SourceQuality "1"]

{[%evp 14,91,12,6,6,6,6,6,15,5,45,8,0,0,0,2,30,28,77,56,49,54,130,121,160,190,173,189,165,127,277,258,370,268,357,333,321,374,367,363,379,372,361,361,380,344,467,456,494,520,720,694,668,552,581,596,612,545,528,535,530,460,560,560,1472,1281,1193,1193,1179,1118,5826,5781,5710,5556,5556,5385,5069,5065,4133,4133]} 1. d4 f5 2. c4 Nf6 3. Nf3 g6 4. g3 Bg7 5. b4 O-O 6. Bb2 c6 7. Bg2 d5 8. Nbd2 a5 {A87: Dutch Defence: Leningrad System: 5 Nf3} 9. bxa5 Qxa5 10. O-O Ne4 {The position is equal.} 11. Qc2 Na6 $146 ({Predecessor:} 11... Qa4 12. Qb3 dxc4 13. Nxc4 Be6 14. Rfc1 Nd7 {½-½ (68) Schmidt,R (2377)-Malaniuk,V (2563) La Fere 2009}) 12. cxd5 cxd5 13. Nxe4 dxe4 14. Qb3+ Kh8 15. Ne5 Bf6 16. Bc3 Qc7 17. Rfc1 Qd6 {[#]} ({Black should play} 17... Kg7 $14) 18. Nc4 $1 $36 {[%cal Rc4d6][%mdl 2048] Keeping Black busy.} Qd5 19. Nb6 Qxb3 20. axb3 Rb8 21. d5 Kg7 (21... Nc5 $16) 22. b4 {[%cal Bb3b4,Bb4b5][%mdl 32]} Rd8 (22... Bxc3 {keeps fighting.} 23. Rxc3 Nxb4) 23. Rab1 Bd7 24. b5 Bxc3 25. Rxc3 Be8 26. f3 (26. bxa6 bxa6 27. Rcb3 Bb5 $18) 26... exf3 27. Bxf3 (27. bxa6 bxa6 28. Bxf3 Bb5 $18) 27... Bf7 28. Kf2 (28. bxa6 bxa6 29. Rcb3 Rd6 $18) 28... g5 29. Rb2 ({Don't do} 29. bxa6 bxa6 30. Ra3 Rd6 $18) 29... h5 30. h4 {White is clearly winning.} ({Weaker is} 30. bxa6 bxa6 31. Ra3 g4 $18) 30... gxh4 31. gxh4 ({Less strong is} 31. bxa6 hxg3+ 32. Kxg3 bxa6 $18) 31... Rh8 32. bxa6 bxa6 33. Rc6 Rh6 34. Ke3 e5 35. dxe6 Rxe6+ 36. Rxe6 Bxe6 37. Na4 Rxb2 38. Nxb2 Bf7 39. Kf4 Kf6 40. Bb7 a5 41. Bc6 Bb3 42. Bd7 Ke7 43. Ba4 Be6 44. Ke5 Kf7 45. Bb5 Ke7 46. Na4 {Accuracy: White = 98%, Black = 31%.} 1-0

[Event "ROU-chT 1st League 2019"]
[Site "Mamaia"]
[Date "2019.09.22"]
[Round "2.5"]
[White "Manolache, Marius"]
[Black "Szabo, Attila"]
[Result "1-0"]
[WhiteElo "2548"]
[BlackElo "2239"]
[Annotator "TA"]
[PlyCount "61"]
[EventDate "2019.09.21"]
[EventType "team-tourn"]
[EventCountry "ROU"]
[SourceTitle "playchess.com"]
[Source "ChessBase"]
[SourceQuality "1"]

{[%evp 9,61,30,40,0,0,8,25,25,42,37,48,19,81,84,80,25,96,87,121,85,78,62,57,33,52,54,40,64,102,93,95,70,103,76,94,44,293,293,398,398,398,395,428,450,2197,2088,1700,1635,2601,2472,2313,1561,29987,29984]} 1. d4 d5 2. c4 c6 3. Nf3 Nf6 4. e3 g6 5. Nc3 Bg7 6. a4 {D94: Grünfeld: 4 Nf3 Bg7 5 e3} (6. Be2 O-O 7. O-O dxc4 8. Bxc4 Bg4 9. Be2 Nbd7 10. h3 Bxf3 11. Bxf3 e5 12. d5 cxd5 13. Bxd5 Nc5 14. Bc4 e4 15. Qe2 Qe7 16. b3 Nd3 17. a4 Nxc1 18. Raxc1 {½-½ (46) Aronian,L (2756)-Yu,Y (2736) Riga 2019}) 6... O-O 7. Be2 Ne4 $146 ({Predecessor:} 7... Bf5 8. O-O Nbd7 9. Qb3 Rb8 10. cxd5 Nxd5 11. Nxd5 Be6 12. Bc4 cxd5 13. Bxd5 Nc5 14. dxc5 Bxd5 {1-0 (63) Menzies,C (2183)-Putar,L (1641) Dublin 2019}) 8. a5 {White has an edge.} Nxc3 9. bxc3 dxc4 10. Bxc4 Nd7 (10... c5 $11 {keeps the balance.}) 11. O-O $16 c5 12. e4 (12. h3 $16) 12... Qc7 (12... cxd4 $11 13. cxd4 Nc5) 13. Qe2 e5 {[%cal Re5d4]} 14. Bb2 Rb8 15. Rfb1 exd4 16. cxd4 cxd4 17. Nxd4 Ne5 18. Bd5 Bg4 19. f3 Bd7 20. Rc1 Nc6 21. Nb5 Qd8 22. Nd6 Nxa5 $2 (22... Bxb2 $14 23. Qxb2 Be6 24. Bxe6 (24. Nxb7 Bxd5 25. a6 Bxe4 $11) 24... Qxd6) 23. Bxg7 $18 Qb6+ 24. Kh1 Kxg7 {[#]} 25. Nxf7 $1 Nc6 26. Qd2 Qd4 (26... Rxf7 $142 27. Bxf7 Qd8) 27. Qh6+ Kf6 28. Rd1 Qc3 29. Rac1 Qb2 30. Ng5 Rh8 31. Nxh7+ {Accuracy: White = 70%, Black = 34%.} 1-0